L'opinion et la foule / (Record no. 166046)

MARC details
000 -LEADER
campo de control de longitud fija 00623nam a22001815i 4500
001 - NÚMERO DE CONTROL
campo de control 166046
003 - IDENTIFICADOR DE NÚMERO DE CONTROL
campo de control ES-MaACL
005 - FECHA Y HORA DE LA ÚLTIMA TRANSACCIÓN
campo de control 20250724063435.0
008 - DATOS DE LONGITUD FIJA--INFORMACIÓN GENERAL
campo de control de longitud fija 050920s1904 sp | |||||||| ||spa d
040 ## - FUENTE DE CATALOGACIÓN
Centro catalogador/agencia de origen CAM
Lengua de catalogación spa
Centro/agencia transcriptor CAM
100 1# - ENTRADA PRINCIPAL--NOMBRE DE PERSONA
Nombre de persona Tarde, Gabriel de,
Fechas asociadas al nombre 1843-1904
9 (RLIN) 133127
245 12 - MENCIÓN DEL TÍTULO
Título L'opinion et la foule /
Mención de responsabilidad, etc. par G. Tarde.
260 ## - PUBLICACIÓN, DISTRIBUCIÓN, ETC.
Lugar de publicación, distribución, etc. Paris :
Nombre del editor, distribuidor, etc. Félix Alcan :
-- Ancienne Librairie Germer Bailiére et Cie.,
Fecha de publicación, distribución, etc. 1904 (
Lugar de fabricación/manufactura Évreux :
Fabricante Imprimerie de Charles Hérissey)
300 ## - DESCRIPCIÓN FÍSICA
Extensión 226 p. ;
Dimensiones 23 cm.
700 1# - ENTRADA AGREGADA--NOMBRE PERSONAL
Nombre de persona Alcan, Felix.
9 (RLIN) 125590
852 ## - LOCALIZACIÓN
Ubicación ES-MaACL
Número de control de estantería B-7191
Nota libre -- Enc. hol.
Holdings
Estatus retirado Estado de pérdida Estado de daño No para préstamo Biblioteca de origen Biblioteca actual Ubicación en estantería Fecha de adquisición Fuente de adquisición Total de préstamos Signatura topográfica completa Código de barras Visto por última vez Precio de reemplazo Tipo de ítem Koha
        Biblioteca del Ateneo de Madrid Biblioteca del Ateneo de Madrid Sala Pardo Bazán 17/01/2008     B-7191 1174139 23/02/2023 23/02/2023 Libro impreso